Thiết kế bài giảng âm nhạc 4
Cuốn Thiết kế bài giảng Âm nhạc 4 hướng dẫn từng bài hát, từng tiết dạy, từng hoạt động rất cụ thể, chi tiết, tạo điểm tựa cho giáo viên trong quá trình lên lớp. Cuốn sách là một phương án gợi ý để vận dụng một cách linh hoạt, sán...
Na minha lista:
| Autor principal: | |
|---|---|
| Formato: | Livro |
| Idioma: | Undetermined |
| Publicado em: |
Hà Nội
Đại học Sư phạm Hà Nội
2005
|
| Assuntos: | |
| Tags: |
Adicionar Tag
Sem tags, seja o primeiro a adicionar uma tag!
|
| Thư viện lưu trữ: | Trung tâm Học liệu Trường Đại học Cần Thơ |
|---|
| LEADER | 01014nam a2200217Ia 4500 | ||
|---|---|---|---|
| 001 | CTU_120308 | ||
| 008 | 210402s9999 xx 000 0 und d | ||
| 020 | |c 13500 | ||
| 082 | |a 780.7 | ||
| 082 | |b S106 | ||
| 100 | |a Lê, Đức Sang | ||
| 245 | 0 | |a Thiết kế bài giảng âm nhạc 4 | |
| 245 | 0 | |c Lê Đức Sang | |
| 260 | |a Hà Nội | ||
| 260 | |b Đại học Sư phạm Hà Nội | ||
| 260 | |c 2005 | ||
| 520 | |a Cuốn Thiết kế bài giảng Âm nhạc 4 hướng dẫn từng bài hát, từng tiết dạy, từng hoạt động rất cụ thể, chi tiết, tạo điểm tựa cho giáo viên trong quá trình lên lớp. Cuốn sách là một phương án gợi ý để vận dụng một cách linh hoạt, sáng tạo trong giảng dạy. | ||
| 650 | |a Music,Music | ||
| 650 | |x Instruction and study,Study and teaching | ||
| 904 | |i Hiếu | ||
| 980 | |a Trung tâm Học liệu Trường Đại học Cần Thơ | ||